| 000 | 00000nam 2200000za 4500 |
| 001 | 9.825866 |
| 003 | CaOODSP |
| 005 | 20221107144446 |
| 007 | cr ||||||||||| |
| 008 | 161014s2016 oncd o f000 0 eng d |
| 020 | |a978-0-660-06558-8 |
| 040 | |aCaOODSP|beng |
| 043 | |an-cn--- |
| 086 | 1 |aFA1-2016/2-4E-PDF |
| 110 | 1 |aCanada. |bOffice of the Auditor General. |
| 245 | 10|aCanadian Armed Forces recruitment and retention - National Defence |h[electronic resource]. |
| 260 | |a[Ottawa] : |bOffice of the Auditor General of Canada, |cc2016. |
| 300 | |aiii, 28 p. : |bgraphs |
| 490 | 1 |aReports of the Auditor General of Canada, |x1701-5413 ; |vFall 2016, report 5 |
| 500 | |aIssued also in French under title: Recrutement et maintien de l’effectif dans les Forces armées canadiennes - Défense nationale. |
| 530 | |aIssued also in printed form. |
| 692 | 07|2gccst|aAudit |
| 692 | 07|2gccst|aArmed forces |
| 692 | 07|2gccst|aRetention of staff |
| 775 | 08|tRecrutement et maintien de l'effectif dans les Forces armées canadiennes - Défense nationale |w(CaOODSP)9.826111 |
| 776 | 0#|tCanadian Armed Forces recruitment and retention - National Defence |w(CaOODSP)9.825865 |
| 830 | #0|aReports of the Auditor General of Canada,|x1701-5413 ; |vFall 2016, report 5.|w(CaOODSP)9.811230 |
| 856 | 40|qPDF|s548 KB|uhttps://publications.gc.ca/collections/collection_2016/bvg-oag/FA1-2016-2-4-eng.pdf |